Το Παιδί στον Ελληνικό Κινηματογράφο: Κινηματογραφικές Αφίσες / Children in Greek Cinema: Film Posters (Record no. 9571)
[ view plain ]
| 000 -LEADER | |
|---|---|
| fixed length control field | 02279cam a22002174a 4500 |
| 005 - ΗΜΕΡΟΜΗΝΙΑ ΚΑΙ ΩΡΑ ΤΕΛΕΥΤΑΙΑΣ ΕΝΗΜΕΡΩΣΗΣ | |
| Πεδίο ελέγχου | 20250605164403.0 |
| 008 - FIXED-LENGTH DATA ELEMENTS--GENERAL INFORMATION | |
| Πεδίο ελέγχου σταθερού μήκους | 250528s ||||||||||||||||||||||||d |
| 035 ## - SYSTEM CONTROL NUMBER | |
| System control number | 24705 |
| 040 ## - ΠΗΓΗ ΚΑΤΑΛΟΓΟΓΡΑΦΗΣΗΣ | |
| Φορέας πρωτότυπης καταλογογράφησης | MC Athens Campus Library |
| Γλώσσα καταλογογράφησης | Ελληνικά, Μοντέρνα (1453-) |
| Modifying agency | MC Athens Campus Library |
| Κανόνες περιγραφικής καταλογογράφησης | AACR2 |
| 245 1# - ΤΙΤΛΟΣ ΚΑΙ ΔΗΛΩΣΗ ΥΠΕΥΘΥΝΟΤΗΤΑΣ | |
| Τίτλος | Το Παιδί στον Ελληνικό Κινηματογράφο: Κινηματογραφικές Αφίσες / Children in Greek Cinema: Film Posters |
| 260 ## - PUBLICATION, DISTRIBUTION, ETC. | |
| Name of publisher, distributor, etc. | Διεθνές Φεστιβάλ Κινηματογράφου Ολυμπίας Για Παιδιά Και Νέους |
| -- | Σπύρου, |
| Date of publication, distribution, etc. | 2001 |
| 300 ## - PHYSICAL DESCRIPTION | |
| Extent | 120 |
| 520 ## - SUMMARY, ETC. | |
| Summary, etc. | Πρόλογος, Η Αναζήτηση, Preface, The Quest, Εισαγωγή, Η Παρουσία του Παιδιού και των Νέων στον Ελληνικό Κινηματογράφο, Introduction, Children and Young People in Greek Cinema, Αφίσες, Posters, Το Παιδί της Αθήνας, Athens's Children, Πικρό Ψωμί, Bitter Bread, Το Ξυπόλητο Τάγμα, The Barefoot Battalion, Η Θυσία της Μάνας, Mother's Sacrifice, Επιστροφή από το Μέτωπο, Return from the Front, Το Παιδί του Δρόμου, The Street Child, Η Κατάρα της Μάνας, Mother's Curse, Κλάψε Φτωχή μου Καρδιά, Cry my Poor Heart, Εξομολόγησις μιας Μητέρας, A Mother's Confession, Εσκότωσα για το Παιδί μου, I Killed for my Child, Αγνή και Ατιμασμένη, Innocent and Disgraced, Δε Γνώρισα Μητέρα, I've Never Known a Mother, Όταν Ξυπνά το Παρελθόν, When the Pat Awakes, Οι Κατατρεγμένοι, The Chased, Ο Λουστράκος, The Little Shoeblack, Δυό Μάνες στο Σταυρό του Πάνου, Two Mothers Crucified, Είμαι Παιδι σου Μανούλα, Mommy I am Your Child, Πρέπει να Ζήσεις Τίμια, You Have to Live the Honest Way, Μικρές Αφροδίτες Young Aphrodites, Η Μικρή Ζητιάνα, The Little Beggar, Άσωτος, The Prodigal Son. |
| 700 1# - ΠΡΟΣΘΕΤΗ ΑΝΑΓΡΑΦΗ--ΦΥΣΙΚΟ ΠΡΟΣΩΠΟ | |
| Personal name | Spirou Dimitris |
| 9 (RLIN) | 9505 |
| 700 1# - ΠΡΟΣΘΕΤΗ ΑΝΑΓΡΑΦΗ--ΦΥΣΙΚΟ ΠΡΟΣΩΠΟ | |
| Personal name | Theodosiou Nikos |
| 9 (RLIN) | 9506 |
| 700 1# - ΠΡΟΣΘΕΤΗ ΑΝΑΓΡΑΦΗ--ΦΥΣΙΚΟ ΠΡΟΣΩΠΟ | |
| Personal name | Θεοδοσίου Νίκος |
| 9 (RLIN) | 9507 |
| 942 ## - ADDED ENTRY ELEMENTS (KOHA) | |
| Koha item type | Books |
| Τύπος τεκμηρίου | Βιβλιοθήκη | Τρέχουσα τοποθεσία | Barcode | Αριθμός εισαγωγής | Ημερομηνία απόκτησης | Ταξιθετικό σύμβολο | Αριθμός αντιτύπου | Κατάσταση απόσυρσης | Κατάσταση χαμένου | Κατάσταση κατεστραμμένου | Μη δανεισμός | Σύνολο δανεισμών | Ημερομηνία τελευταίας εμφάνισης | Η τιμή ισχύει από |
|---|---|---|---|---|---|---|---|---|---|---|---|---|---|---|
| Books | MC Athens Campus Library | MC Athens Campus Library | 9780000095701 | 7750 | 05/06/2025 | 791.436523 THE | 1 | 05/06/2025 | 05/06/2025 |